Formula 1 Circuits by Picture - Statistics

General Stats
  • This quiz has been taken 3,487 times
  • The average score is 16 of 21
Answer Stats
Picture Hint Answer % Correct
Hamilton Circuit de Monaco
92%
🅿️Leclerc Autodromo Nazionale Monza
91%
🔄Bottas Baku City Circuit
89%
Bottas Melbourne Grand Prix Circuit
88%
🅿️Verstappen Red Bull Ring
87%
🅿️Hamilton Circuit de Barcelona-Catalunya
85%
🅿️Hamilton Silverstone Circuit
84%
🅿️Bottas Suzuka Circuit
84%
🅿️Hamilton Bahrain International Circuit
82%
🅿️Leclerc Circuit de Spa-Francorchamps
81%
Hamilton Circuit Gilles Villeneuve
80%
🅿️Hamilton Hungaroring
77%
🅿️Hamilton Shanghai International Circuit
77%
🔄Vettel Marina Bay Street Circuit
74%
🔄🅿️Hamilton Yas Marina Circuit
72%
🔄🅿️Bottas Circuit of the Americas
70%
🔄🅿️Verstappen Autódromo José Carlos Pace
67%
🅿️Hamilton Autódromo Hermanos Rodríguez
65%
🅿️Hamilton Circuit Paul Ricard
65%
🅿️Verstappen Hockenheimring
65%
Hamilton Sochi Autodrom
60%
No matching quizzes found
Score Distribution
Percent of People with Each Score
Percentile by Number Answered
Your Score History
You have not taken this quiz